000 01146cab a22002055a 4500
001 L152997
008 110523e20110520xxk 000 0 eng d
035 _a(Sirsi) u152997
041 0 _aeng
100 1 _aHatcher, David
245 0 0 _aMarkets
_bIreland
260 _c2011
490 0 _aProperty Week
_v77(20) 20 May 2011, 43-52( 5)
520 _aThe new Irish government is pressing ahead with retrospective rent reviews for economic reasons despite strong opposition from the property industry. Poundstretcher aims to open its first Republic store before the end of 2011. Green Property is concentrating on its 3.2m sq ft retail-led Blanchardstown Centre on the western edge of Dublin. Belfast?s Titanic Quarter hopes to attract media businesses on the back of a US TV series. Dublin-based Allsop Space will hold two further auctions of distressed property after their successful April auction. Treasury Holdings is pressing ahead with its plans to develop Sligo town centre.
590 _aKA
651 4 _aIreland (Republic of)
_y
651 4 _aBelfast
690 _aPROPERTY-COMMERCIAL PROPERTY-COMMERCIAL PROPERTY MARKET
942 _n0
999 _c83157
_d83157